| 000 | 00980nam a2200241 a 4500 | ||
|---|---|---|---|
| 003 | 0 | ||
| 005 | 20250207090751.0 | ||
| 008 | 130829s19uu xx 00 eng d | ||
| 050 |
_aPGS HM 742 _b.D366 2013 |
||
| 100 | _ade Luzuriaga, Nicole Jane R. | ||
| 245 |
_aSocial networking and family relationship / _cNicole Jane R. de Luzuriaga. |
||
| 260 |
_aLas PiƱas City, Philippines : _bSouthville International School and Colleges, _c2013. |
||
| 300 |
_a29 pages : _billustrations ; _c28 cm. |
||
| 504 | _aIncludes bibliographical references. | ||
| 650 |
_2Library of Congress Subject Headings _aSocial networks _vPsychological aspects |
||
| 650 |
_2Library of Congress Subject Headings _aInternet and families. |
||
| 650 | _aSocial media and family relationships. | ||
| 650 |
_aCommunication in families _vSocial aspects. |
||
| 650 |
_aFamily relationships _vSocial aspects. |
||
| 650 |
_aFamily relationships _vPsychological aspects. |
||
| 942 |
_2lcc _cPASS |
||
| 999 |
_c99012 _d99012 |
||